COMPANY LAW (Record no. 6448)
[ view plain ]
| 000 -LEADER | |
|---|---|
| fixed length control field | 00285nam a2200133Ia 4500 |
| 020 ## - INTERNATIONAL STANDARD BOOK NUMBER | |
| International Standard Book Number | 9788180546204 |
| 082 ## - DEWEY DECIMAL CLASSIFICATION NUMBER | |
| Classification number | 344 |
| Item number | KAP |
| 100 ## - MAIN ENTRY--PERSONAL NAME | |
| Personal name | KAPOOR,N.D |
| 245 ## - TITLE STATEMENT | |
| Title | COMPANY LAW |
| 250 ## - EDITION STATEMENT | |
| Edition statement | 6th . Ed. |
| 260 ## - PUBLICATION, DISTRIBUTION, ETC. (IMPRINT) | |
| Name of publisher, distributor, etc | SULTAN CHAND |
| Place of publication, distribution, etc | New Delhi |
| Year of Publication | 2014 |
| 300 ## - PAGE DESCRIPTION | |
| No. of Pages | 362p. |
| 942 ## - ADDED ENTRY ELEMENTS (KOHA) | |
| Source of classification or shelving scheme | Dewey Decimal Classification |
| Koha item type | FCM Books |
| 942 ## - ADDED ENTRY ELEMENTS (KOHA) | |
| -- | 2 |
| Withdrawn status | Lost status | Source of classification or shelving scheme | Damaged status | Not for loan | Collection code | Home library | Current library | Shelving location | Date acquired | SGTU | Total Checkouts | Full call number | Accession No. (Barcode) | Date last seen | Date last borrowed | Bill Date | Koha item type |
|---|---|---|---|---|---|---|---|---|---|---|---|---|---|---|---|---|---|
| Dewey Decimal Classification | COMMERCE MANAGEMENT | SGT Science & Social Sciences Library | SGT Science & Social Sciences Library | On Display | 24/02/2014 | SGTU | 18 | 344 KAP | CM410 | 22/09/2022 | 08/09/2022 | 24/03/2015 | FCM Books | ||||
| Dewey Decimal Classification | COMMERCE MANAGEMENT | SGT Science & Social Sciences Library | SGT Science & Social Sciences Library | On Display | 24/02/2014 | SGTU | 27 | 344 KAP | CM411 | 23/09/2022 | 08/09/2022 | 24/03/2015 | FCM Books |